<?xml version="1.0" encoding="UTF-8"?><?xml-stylesheet type="text/xsl" href="static/style.xsl"?><OAI-PMH xmlns="http://www.openarchives.org/OAI/2.0/" xmlns:xsi="http://www.w3.org/2001/XMLSchema-instance" xsi:schemaLocation="http://www.openarchives.org/OAI/2.0/ http://www.openarchives.org/OAI/2.0/OAI-PMH.xsd"><responseDate>2026-04-13T00:08:44Z</responseDate><request verb="GetRecord" identifier="oai:www.recercat.cat:2072/464515" metadataPrefix="marc">https://recercat.cat/oai/request</request><GetRecord><record><header><identifier>oai:recercat.cat:2072/464515</identifier><datestamp>2024-11-04T04:42:22Z</datestamp><setSpec>com_2072_98</setSpec><setSpec>col_2072_378192</setSpec></header><metadata><record xmlns="http://www.loc.gov/MARC21/slim" xmlns:dcterms="http://purl.org/dc/terms/" xmlns:xsi="http://www.w3.org/2001/XMLSchema-instance" xmlns:doc="http://www.lyncode.com/xoai" xsi:schemaLocation="http://www.loc.gov/MARC21/slim http://www.loc.gov/standards/marcxml/schema/MARC21slim.xsd">
   <leader>00925njm 22002777a 4500</leader>
   <datafield ind2=" " ind1=" " tag="042">
      <subfield code="a">dc</subfield>
   </datafield>
   <datafield ind2=" " ind1=" " tag="720">
      <subfield code="a">Freude, Leon</subfield>
      <subfield code="e">author</subfield>
   </datafield>
   <datafield ind2=" " ind1=" " tag="720">
      <subfield code="a">Vergés Bosch, Núria</subfield>
      <subfield code="e">author</subfield>
   </datafield>
   <datafield ind2=" " ind1=" " tag="260">
      <subfield code="c">2022</subfield>
   </datafield>
   <datafield ind2=" " ind1=" " tag="520">
      <subfield code="a">Racismo y homofobia representan dos grandes desafíos para las sociedades contemporáneas. El síndrome de enemistad grupal (SEG) y el homonacionalismo representan dos conceptos, aparentemente opuestos, para la comprensión de la relación entre racismo y homofobia. En este artículo analizamos esta relación en los valores de la población de Austria, Francia, España y Holanda, a partir de los datos de la European Values Study 2017. Empleamos el método de la tipología estructural y articulada, con análisis de correspondencias y un análisis de clasificación. Nuestros resultados confirman parcialmente la adecuación, tanto del SEG como del homonacionalismo, para explicar la relación entre el racismo y la homofobia. Por un lado, el racismo resultó más elevado que la homofobia en todos los grupos. Por el otro, obtuvimos un grupo moderadamente racista y poco homófobo, otro racista y homófobo y sólo en un grupo muy minoritario se visualizaron tendencias hacia una sociedad genuinamente inclusiva.</subfield>
   </datafield>
   <datafield ind2=" " ind1=" " tag="520">
      <subfield code="a">Social research has identified racism and homophobia as two of the great challenges for contemporary societies. The syndrome of group focused enmity (SGE) and homonationalism represent two apparently opposite concepts in understanding the relationship between racism and homophobia. In this article we analyse this relationship considering the values ​​of the population of Austria, France, Spain, and the Netherlands, based on data from the European Values ​​Study 2017. We use the method of structural and articulated typology, with analysis of correspondences and classification analysis. Our results lead us to partially confirm the adequacy of both SEG and homonationalism to explain the relationship between racism and homophobia. On the one hand, racism was higher than homophobia in all groups. On the other hand, we obtained a moderately racist and slightly homophobic group, another racist and homophobic group and only in a very minority group tendencies towards a genuinely inclusive society were visualized.</subfield>
   </datafield>
   <datafield ind1="8" ind2=" " tag="024">
      <subfield code="a">http://hdl.handle.net/2072/464515</subfield>
   </datafield>
   <datafield tag="653" ind2=" " ind1=" ">
      <subfield code="a">Racismo</subfield>
   </datafield>
   <datafield tag="653" ind2=" " ind1=" ">
      <subfield code="a">Homofobia</subfield>
   </datafield>
   <datafield tag="653" ind2=" " ind1=" ">
      <subfield code="a">Homonacionalismo</subfield>
   </datafield>
   <datafield tag="653" ind2=" " ind1=" ">
      <subfield code="a">Group-focused enmity</subfield>
   </datafield>
   <datafield tag="653" ind2=" " ind1=" ">
      <subfield code="a">Racism</subfield>
   </datafield>
   <datafield tag="653" ind2=" " ind1=" ">
      <subfield code="a">Homophobia</subfield>
   </datafield>
   <datafield tag="653" ind2=" " ind1=" ">
      <subfield code="a">Homonationalism</subfield>
   </datafield>
   <datafield ind2="0" ind1="0" tag="245">
      <subfield code="a">La articulación del racismo y la homofobia en los valores de la población europea</subfield>
   </datafield>
</record></metadata></record></GetRecord></OAI-PMH>